Ballon d'Or Winners - Sudden Death - Statistics

General Stats
  • This quiz has been taken 18,586 times
    18,494 since last reset
  • The average score is 11 of 22
Answers on the Grid
Answers color-coded by a green-red scale on the quiz's grid according to % correct below.
Alfredo Di Stéfano
Andrea Pirlo
Andrés Iniesta
Andriy Shevchenko
Ángel Di María
Arjen Robben
Cristiano Ronaldo
David Beckham
Dennis Bergkamp
Erling Haaland
Eusébio
Fabio Cannavaro
Franck Ribery
Franco Baresi
George Best
Gianluigi Buffon
Johan Cruyff
Jude Bellingham
Kaká
Karim Benzema
Kevin De Bruyne
Kylian Mbappé
Lionel Messi
Lothar Matthäus
Luís Figo
Luka Modrić
Manuel Neuer
Marco van Basten
Michael Owen
Michel Platini
Neymar
Paolo Maldini
Pavel Nedvěd
Pelé
Rivaldo
Robert Lewandowski
Rodri
Ronaldinho
Ronaldo
Steven Gerrard
Thierry Henry
Toni Kroos
Vinícius Júnior
Virgil van Dijk
Wayne Rooney
Xavi
Zinedine Zidane
Zlatan Ibrahimović
 
Answer Stats
Answer % Correct
Cristiano Ronaldo
77%
Alfredo Di Stéfano
65%
Lionel Messi
65%
Andriy Shevchenko
58%
Kaká
56%
Luka Modrić
56%
Johan Cruyff
54%
Karim Benzema
53%
Fabio Cannavaro
52%
Ronaldo
50%
Michael Owen
49%
Zinedine Zidane
49%
Rodri
48%
Luís Figo
46%
Pavel Nedvěd
46%
Ronaldinho
45%
Marco van Basten
43%
Michel Platini
42%
George Best
41%
Eusébio
40%
Rivaldo
35%
Lothar Matthäus
34%
No matching quizzes found
Score Distribution
Percent of People with Each Score
Percentile by Number Answered
Your Score History
You have not taken this quiz since the last reset